Význam uspokojenia zainteresovaných strán v podniku služieb diplomová práca

Saved in:
Bibliographic Details
Main Author: Sabolová, Ľubica
Corporate Author: Obchodná fakulta EU. Katedra tovaroznalectva a kvality tovaru
Other Authors: Karkalíková, Marta
Format: Book
Language:Slovak
Published: Bratislava 2011
Tags: Add Tag
No Tags, Be the first to tag this record!

MARC

LEADER 00000nam a2200000 4500
001 0148135
005 20240318124854.5
041 0 |a slo 
044 |a SK 
245 1 0 |a Význam uspokojenia zainteresovaných strán v podniku služieb  |b diplomová práca  |c Ľubica Sabolová ; školiteľ: Marta Karkalíková 
264 1 |a Bratislava  |c 2011 
100 1 |a Sabolová, Ľubica 
700 1 |a Karkalíková, Marta 
710 2 |a Obchodná fakulta EU. Katedra tovaroznalectva a kvality tovaru